Регионална библиотека "Любен Каравелов" - Русе

Междузвездни войни : Из приключенията на Люк Скайуокър (Запис номер 162670)

MARC детайли
000 -Лидер
Контролно поле с фиксирана дължина 01397nam a2200325 c 4500
003 - Код на организацията, давaща контролен номер
Контролно поле BLK
005 - Дата и час на последна редакция
Контролно поле 20230406112341.0
008 - Елементи от данни с фиксирана дължина
fixed length control field 180410b bul|||||r ||||||| ||bul||
010 ## - Наследен системен номер
LC control number KNG00170050000
020 ## - Международен стандартен номер на книга ISBN
Международен стандартен номер на книга ISBN 954-418-001-Х
040 ## - Източник на каталожния запис
Идентификатор на билиотеката - собственик на записа BLK
041 ## - Код за език
Код за езика на текст/звукозапис или на отделно заглавие Български
Код за езика КДБФ Български
080 ## - УДК
Текстов определител УДК Американска литература (на САЩ)
УДК код - определител по УДК 821.111(73)
УДК определител -31
УДК - код + определител 821.111(73)-31
100 1# - Редна дума - Автор
Автор Лукас, Джордж
Авторска отговорност първи автор
R(LIN) 370935
139 ## - Редно поле
Редна дума Лукас, Джордж
Авторски знак Лук - Л 86
245 10 - Сведения за заглавието
Заглавие Междузвездни войни : Из приключенията на Люк Скайуокър
Подзаглавни данни Роман
Редно поле (дума) Джордж Лукас; прев. от англ. Златозар Керчев.
257 ## - Страна на издаване
Страна на създаване/издаване Съединени американски щати
260 ## - Област на издателските данни
Място на издаване, разпространение и проч. Варна
Име на издателя, разпространителя и проч. Галактика
Година на издаване 1991
Печатница София : ДФ Г. Димитров
9 (RLIN) 209510
Издателство - префикс ISBN 954-418-
300 ## - Физическа характеристика
Страници 224 с.
Размери/Мащаб 17 см
380 ## - Жанр
Жанр Худож. лит.
490 ## - СЕРИИ (Колекции)
Име на серия Библиотека Галактика
9 (RLIN) 201894
490 ## - СЕРИИ (Колекции)
Име на серия Серия Кино
№: серия 1
9 (RLIN) 202645
500 ## - Общи забележки
Забележка Прев. направен от Star Warл - 30 200 тир.
700 1# - Други автори (авторска отговорност)
Лично име Керчев, Златозар
Автороска отговорност (Описва отношението между автора и произведението) прев. от англ.
9 (RLIN) 363981
852 ## - Местоположение
Форматна сигнатура Цб І 25169
856 4# - Електронен адрес и достъп
Електронен формат pdf - файл
Инструкция (цена за достъп) 0.00
Права за достъп disable
856 4# - Електронен адрес и достъп
Електронен формат pdf - файл
Инструкция (цена за достъп) 0.00
Права за достъп disable
999 ## - СИСТЕМНИ КОНТРОЛНИ НОМЕРА
Koha biblionumber 162670
Koha biblioitemnumber 162670
942 ## - АРТИКУЛИ
Вид на библиотечния материал Книги
Скрит в OPAC Не
Периодичен библиозапис Да
944 ## - СЪЗДАВАНЕ И РЕДАКЦИЯ на ЗАПИСА
Създаване/Редакция Създаване
Дата на регистрацията/редакция 23.01.2015
Статус, дата на статуса 23.01.2015 - от С1,Р / 23.01.2015
Служител, извършил регистрацията/редакцията Камелия_Данева
944 ## - СЪЗДАВАНЕ И РЕДАКЦИЯ на ЗАПИСА
Създаване/Редакция Редакция
Дата на регистрацията/редакция 23.01.2015
Статус, дата на статуса 23.01.2015 - от С1,Р / 23.01.2015
999 ## - СИСТЕМНИ КОНТРОЛНИ НОМЕРА
Koha biblioitemnumber 162670
Наличности
Код за отписване Код за изгубен артикул Източник на класификационната схема Код за повреда Коз за рестрикции Код за отдаване Артикулен № Име на библиотеката - собственик Име на библиотеката, в която се намира в момента Статус (Текущо местоположение) Дата на вписване в системата Местоположение - отдел Цена в лева Инвентарен номер Систематично азбучна сигнатура Баркод Номер на екземпляра Цена в евро Служебна бележка Служебен тип на артикула Бележка за публиката
  Не е изгубен Universal Decimal Classification Не е повреден само за читалня ползва се в читалня 271727 Регионална библиотека "Любен Каравелов" Русе Регионална библиотека "Любен Каравелов" Русе Хранилище 1991-01-01 Хранилище 14.90 560256 Цб І 25169 120000560256 1 7.62 N: стар фонд Дата: 01.01.1991 Книги  
Изтеглен Не е изгубен Universal Decimal Classification Не е повреден без рестрикции заемане за дома 271728 Регионална библиотека "Любен Каравелов" Русе Регионална библиотека "Любен Каравелов" Русе Заемна - подръчен фонд 1991-01-01 Заемна - подръчен фонд 14.20 548952 П 820(73)-31/Л 86 548952 2 7.26 N: стар фонд Дата: 01.01.1991 Книги  
Изтеглен Не е изгубен Universal Decimal Classification Не е повреден без рестрикции заемане за дома 271729 Регионална библиотека "Любен Каравелов" Русе Регионална библиотека "Любен Каравелов" Русе Заемна - подръчен фонд 1991-01-01 Заемна - подръчен фонд 14.20 548954 П 820(73)-31/Л 86 548954 3 7.26 N: стар фонд Дата: 01.01.1991 Книги  
Изтеглен Не е изгубен Universal Decimal Classification Не е повреден без рестрикции заемане за дома 271730 Регионална библиотека "Любен Каравелов" Русе Регионална библиотека "Любен Каравелов" Русе Заемна - подръчен фонд 1991-01-01 Заемна - подръчен фонд 0.99 576406 П 820(73)-31/Л 86 576406 4 0.51 N: стар фонд Дата: 01.01.1991 Книги  
Изтеглен Не е изгубен Universal Decimal Classification Не е повреден без рестрикции заемане за дома 271731 Регионална библиотека "Любен Каравелов" Русе Регионална библиотека "Любен Каравелов" Русе Заемна - подръчен фонд 1991-01-01 Заемна - подръчен фонд 0.99 576407 П 820(73)-31/Л 86 576407 5 0.51 N: стар фонд Дата: 01.01.1991 Книги  
Изтеглен Не е изгубен   Не е повреден без рестрикции заемане за дома 271732 Регионална библиотека "Любен Каравелов" Русе Регионална библиотека "Любен Каравелов" Русе   1991-01-01 Детски отдел 1.00 548947 ДХ 820/899/Л 86 548947 6 0.51 N: стар фонд Дата: 01.01.1991 Дата инв: 12.09.2015 Бележки инв: Д2015 Книги Отч.N: 37/17 , Дата: 06.09.2017
Изтеглен Не е изгубен   Не е повреден без рестрикции заемане за дома 271733 Регионална библиотека "Любен Каравелов" Русе Регионална библиотека "Любен Каравелов" Русе   1991-01-01 Детски отдел 1.20 548950 ДХ 820/899/Л 86 548950 7 0.61 N: стар фонд Дата: 01.01.1991 Дата инв: 12.09.2015 Бележки инв: Д2015 Книги Отч.N: 47/2017 , Дата: 05.10.2017
Vip Innovations Ltd, Rousse, Bulgaria 2025